000 00520nam a2200181Ia 4500
005 20250326144501.0
008 250326s9999 xx 000 0 und d
037 _aTextbook
040 _aFMSL
_beng
_cFMSL
041 _aeng
_2eng
084 _aX:74y7 P7
_qFMSL
100 _aWorld Bank
245 0 _aCelebrating reform 2007 : doing business case studies
_cWorld Bank
260 _aWashington
_bWashington, World Bank
_c2007
365 _b1263.5
942 _cTB
_hX:74y7 P7
999 _c1303870
_d1303870